| Tag |
First Indicator |
Second Indicator |
Subfields |
| LEADER |
00000cam a2200000 4500 |
| 001 |
in00000099459 |
| 005 |
20150926125615.0 |
| 008 |
730723s1936 eng u |
| 010 |
|
|
|a 36018081
|
| 035 |
|
|
|a (OCoLC)00660670
|
| 035 |
|
|
|9 AAL3880AM
|
| 040 |
|
|
|c KSU
|d TXA
|d UtOrBLW
|
| 049 |
|
|
|a TXAM
|c 1 [361678]
|c 2 [80057]
|
| 050 |
0 |
0 |
|a TP151
|b .H6 1936
|
| 100 |
1 |
|
|a Hougen, Olaf A.
|q (Olaf Andreas),
|d 1893-
|
| 245 |
1 |
0 |
|a Industrial chemical calculations ;
|b the application of physico-chemical principles and data to problems of industry /
|c by O. A. Hougen ... and K. M. Watson.
|
| 250 |
|
|
|a 2d ed.
|
| 264 |
|
1 |
|a New York :
|b J. Wiley & sons inc.;
|a London :
|b Chapman & Hall, limited,
|c 1936.
|
| 300 |
|
|
|a 487 pages :
|b illustrations ;
|c 24 cm.
|
| 336 |
|
|
|a text
|b txt
|2 rdacontent
|
| 337 |
|
|
|a unmediated
|b n
|2 rdamedia
|
| 338 |
|
|
|a volume
|b nc
|2 rdacarrier
|
| 650 |
|
0 |
|a Chemistry, Technical
|v Tables.
|
| 700 |
1 |
|
|a Watson, Kenneth Merle,
|d 1903-
|
| 999 |
|
|
|a MARS
|
| 999 |
f |
f |
|s b6987772-ef2a-38d4-b7ac-417b23da01f4
|i 29c8c521-1f5c-37c9-918f-6c3c4e6d3cba
|t 0
|
| 952 |
f |
f |
|p ric
|a Texas A&M University
|b Rellis Campus
|c Joint Library Facility
|d Remote Storage
|t 0
|e TP151 .H6 1936
|h Library of Congress classification
|i unmediated -- volume
|m A14805596118
|
| 998 |
f |
f |
|a TP151 .H6 1936
|t 0
|l Remote Storage
|